000 00347nam a2200157Ia 4500
100 _aWilliams/AL
942 _cBK
366 _f20
654 _acircuit board
245 _aBuild your own printed circuit board
260 _bTata Mc Graw hill Ltd.
_c2004
082 _a621.3815
_bWIL
300 _a206
546 _aENGLISH
_cTTL
999 _c26394
_d26394